000 00653nas a2200229 4500
001 BR9503301
003 BR-BrBNA
005 20231205094119.0
007 ta
008 230509b bl.|||p| |||| 00| 00por d
040 _aBR-BrBNA
_bpor
_cBiblioteca Nacional de Agricultura
041 _a(Pt)
072 _aL73
100 1 _aPolack, E.W.
245 1 _aDoenca do neuronio motor em equinos
650 _aEquino
650 _aNeuronio
650 _aDiagnostico
773 0 _tPesquisa Veterinaria Brasileira (Brazil)
_xISSN 0100-736X
_g(Jan-Mar 1995), v. 15(1) p. 41-42
_wBR9503301
909 _a202311
_bLúcia
_c55
_dLúcia Elande
942 _2AGRIS
_n0
_cANA
999 _c142153
_d142153